[Event "Druga liga Srbije - Vojvodina 2008"]
[Site "Sombor"]
[Date "2008.10.02"]
[Round "2"]
[White "Krejic, Igor"]
[Black "Galo, Dejan"]
[Result "1-0"]
[WhiteElo "2273"]
[BlackElo "2092"]
[PlyCount "79"]
[EventDate "2008.??.??"]
[Source "Perpetual Check"]

1. e4 Nc6 2. Nf3 e5 3. d4 exd4 4. Bc4 Nf6 5. e5 d5 6. Bb5 Ne4 7. Nxd4 Bd7 8.
Bxc6 bxc6 9. O-O Bc5 10. f3 Ng5 11. Be3 Qe7 12. Qd2 Ne6 13. Nc3 Nxd4 14. Bxd4
O-O 15. Na4 Bb6 16. b4 Bxd4+ 17. Qxd4 f6 18. Rfe1 fxe5 19. Rxe5 Qd6 20. Nc5 a5
21. b5 Rae8 22. Rae1 cxb5 23. Nxd7 Qxd7 24. Rxe8 Rxe8 25. Rxe8+ Qxe8 26. Qxd5+
Kh8 27. Kf2 h6 28. g4 Qg6 29. Qd8+ Kh7 30. Qxc7 Qg5 31. Qxa5 Qc5+ 32. Ke2 Qxc2+
33. Qd2 Qc5 34. Kd1 Kh8 35. h4 Qc4 36. Ke1 b4 37. Kf2 b3 38. axb3 Qxb3 39. Qe3
Qb4 40. Qe8+ 1-0

[Event "Druga liga Srbije - Vojvodina 2008"]
[Site "Sombor"]
[Date "2008.10.02"]
[Round "2"]
[White "Miljanic, Boro"]
[Black "Roganovic, Milos"]
[Result "1/2-1/2"]
[WhiteElo "2404"]
[BlackElo "2458"]
[PlyCount "33"]
[EventDate "2008.??.??"]
[Source "Perpetual Check"]

1. e4 c5 2. c3 d5 3. exd5 Qxd5 4. d4 g6 5. Be3 cxd4 6. cxd4 Bg7 7. Nf3 Nf6 8.
Nc3 Qd8 9. Bc4 O-O 10. h3 Nbd7 11. Bb3 b5 12. Nxb5 Qa5+ 13. Nc3 Ba6 14. Qd2
Rac8 15. Ne2 Qb5 16. Nc3 Qa5 17. Ne2 1/2-1/2

[Event "Druga liga Srbije - Vojvodina 2008"]
[Site "Sombor"]
[Date "2008.10.02"]
[Round "2"]
[White "Balog, Imre"]
[Black "Tomic, Bosko"]
[Result "1/2-1/2"]
[WhiteElo "2423"]
[BlackElo "2405"]
[PlyCount "52"]
[EventDate "2008.??.??"]
[Source "Perpetual Check"]

1. Nf3 Nf6 2. c4 g6 3. d4 Bg7 4. g3 O-O 5. Bg2 d6 6. O-O Nc6 7. Nc3 Bf5 8. d5
Na5 9. Nd4 Bd7 10. Qd3 Rc8 11. Nb3 c6 12. Bd2 cxd5 13. Nxa5 Qxa5 14. Nxd5 Qd8
15. Bc3 Nxd5 16. Bxg7 Kxg7 17. Bxd5 Qb6 18. Qc3+ Kg8 19. Rfd1 e6 20. Bf3 d5 21.
b3 Rfd8 22. Rd4 dxc4 23. Rxc4 Rxc4 24. Qxc4 Bc6 25. Bxc6 Rc8 26. Rd1 Qxc6
1/2-1/2

[Event "Druga liga Srbije - Vojvodina 2008"]
[Site "Sombor"]
[Date "2008.10.02"]
[Round "2"]
[White "Vujadinovic, Goran"]
[Black "Dekic, Josip"]
[Result "1/2-1/2"]
[WhiteElo "2363"]
[BlackElo "2342"]
[PlyCount "46"]
[EventDate "2008.??.??"]
[Source "Perpetual Check"]

1. e4 c5 2. d3 g6 3. g3 Bg7 4. Bg2 Nc6 5. f4 e6 6. c3 Nge7 7. Nf3 b6 8. O-O Ba6
9. Re1 O-O 10. Na3 Rc8 11. Nc2 d5 12. e5 d4 13. c4 Bb7 14. Ng5 Rc7 15. g4 Nc8
16. Bd2 Re8 17. b4 cxb4 18. Nxb4 Nxb4 19. Bxb4 Bxg2 20. Kxg2 b5 21. Ba5 Nb6 22.
Bxb6 axb6 23. cxb5 Qd5+ 1/2-1/2

[Event "Druga liga Srbije - Vojvodina 2008"]
[Site "Sombor"]
[Date "2008.10.02"]
[Round "2"]
[White "Novakovic, Dragan"]
[Black "Stanojevic, Branko"]
[Result "1/2-1/2"]
[WhiteElo "2291"]
[BlackElo "2275"]
[PlyCount "20"]
[EventDate "2008.??.??"]
[Source "Perpetual Check"]

1. d4 Nf6 2. Nf3 e6 3. g3 b6 4. Bg2 Bb7 5. O-O Be7 6. c4 O-O 7. Nc3 Ne4 8. Qc2
Nxc3 9. bxc3 f5 10. d5 Na6 1/2-1/2

[Event "Druga liga Srbije - Vojvodina 2008"]
[Site "Sombor"]
[Date "2008.10.02"]
[Round "2"]
[White "Kolognat, Petar"]
[Black "Tokovic, Svetozar"]
[Result "1-0"]
[WhiteElo "2292"]
[BlackElo "2254"]
[PlyCount "111"]
[EventDate "2008.??.??"]
[Source "Perpetual Check"]

1. e4 c5 2. Nf3 e6 3. Nc3 Nc6 4. d4 cxd4 5. Nxd4 a6 6. Be2 Qc7 7. O-O b5 8. Be3
Nf6 9. a3 Bb7 10. Nb3 Ne5 11. f4 Nc4 12. Bxc4 bxc4 13. Nd2 d5 14. exd5 Nxd5 15.
Nxd5 Bxd5 16. Nf3 Bc5 17. Bxc5 Qxc5+ 18. Qd4 Qxd4+ 19. Nxd4 Rb8 20. b4 cxb3 21.
cxb3 Kd7 22. b4 Rhe8 23. Rfd1 Rbc8 24. Rac1 Rg8 25. Kf2 Rxc1 26. Rxc1 g5 27. f5
e5 28. Rc5 Kd6 29. Nc2 f6 30. Ne3 Ba2 31. Ra5 Ra8 32. b5 Kc5 33. Rxa6 Rxa6 34.
bxa6 Kb6 35. Ng4 Bb1 36. Nxf6 Bxf5 37. a4 Bb1 38. Nd7+ Kxa6 39. Nxe5 Ka5 40.
Nf7 Kxa4 41. Nxg5 Ka3 42. Ke3 Kb3 43. Kd4 Bg6 44. Nf3 Kc2 45. h4 Kd1 46. Ke3
Kc2 47. h5 Bf7 48. Ng5 Bg8 49. Ne4 Be6 50. Kf4 Bc4 51. Nf6 h6 52. Ne4 Kd3 53.
Nd6 Bb3 54. Nf5 Kc4 55. Nxh6 Kd5 56. Nf5 1-0

[Event "Druga liga Srbije - Vojvodina 2008"]
[Site "Sombor"]
[Date "2008.10.02"]
[Round "2"]
[White "Ivanovic, Miroslav"]
[Black "Bogic, Stevan"]
[Result "1-0"]
[WhiteElo "2168"]
[BlackElo "2259"]
[PlyCount "75"]
[EventDate "2008.??.??"]
[Source "Perpetual Check"]

1. c4 Nf6 2. Nc3 g6 3. g3 Bg7 4. Bg2 O-O 5. Nf3 d6 6. O-O e5 7. d3 Nc6 8. Rb1
a5 9. a3 h6 10. b4 axb4 11. axb4 Be6 12. Bd2 Qd7 13. c5 Bh3 14. cxd6 Bxg2 15.
Kxg2 cxd6 16. b5 Ne7 17. Qb3 b6 18. Na4 Qb7 19. Bb4 Nf5 20. e4 Nd4 21. Nxd4
exd4 22. Bxd6 Rfd8 23. Bb4 h5 24. Nb2 Qd7 25. Bd2 Ng4 26. Nc4 Qb7 27. Bf4 Bh6
28. h3 g5 29. Bd2 Nf6 30. h4 Nh7 31. Rh1 Kg7 32. hxg5 Bxg5 33. Bxg5 Nxg5 34.
Rxh5 Ne6 35. Rbh1 Kf6 36. Rf5+ Ke7 37. Rh7 Rf8 38. Ne5 1-0

[Event "Druga liga Srbije - Vojvodina 2008"]
[Site "Sombor"]
[Date "2008.10.02"]
[Round "2"]
[White "Galyas, Miklos"]
[Black "Bogosavljevic, Boban"]
[Result "1/2-1/2"]
[WhiteElo "2454"]
[BlackElo "2541"]
[PlyCount "41"]
[EventDate "2008.??.??"]
[Source "Perpetual Check"]

1. d4 d5 2. c4 c6 3. Nc3 Nf6 4. e3 e6 5. Nf3 Nbd7 6. Qc2 Bd6 7. Bd3 dxc4 8.
Bxc4 b5 9. Bd3 Bb7 10. O-O O-O 11. a3 a5 12. Rd1 Rb8 13. h3 Qc7 14. Ng5 h6 15.
Nge4 c5 16. Nxd6 Qxd6 17. Bxb5 cxd4 18. Rxd4 Qc7 19. Bxd7 Nxd7 20. e4 Nb6 21.
Qd1 1/2-1/2

[Event "Druga liga Srbije - Vojvodina 2008"]
[Site "Sombor"]
[Date "2008.10.02"]
[Round "2"]
[White "Drazic, Sinisa"]
[Black "Vlahovic, Bogdan"]
[Result "1-0"]
[WhiteElo "2528"]
[BlackElo "2362"]
[PlyCount "141"]
[EventDate "2008.??.??"]
[Source "Perpetual Check"]

1. d4 c5 2. dxc5 e6 3. Nc3 Nf6 4. e4 Qa5 5. Bd3 Na6 6. a3 Nxc5 7. Qe2 Nxd3+ 8.
cxd3 d6 9. Nf3 Be7 10. b4 Qd8 11. Bb2 O-O 12. O-O b6 13. Rfc1 Bb7 14. Rc2 Qd7
15. Rac1 Rfc8 16. Nd4 Ne8 17. Nd1 Rxc2 18. Rxc2 Rc8 19. Ne3 a6 20. h3 h6 21. f4
Rxc2 22. Qxc2 b5 23. Qe2 Bd8 24. Kh1 Bb6 25. Qh5 Kf8 26. Ng4 Bxd4 27. Bxd4 f6
28. Ne3 Qc7 29. Qd1 Qc8 30. Kh2 Qc7 31. Kg1 Qc6 32. Qd2 Qc8 33. Kf2 Qc7 34. Ke1
Qc8 35. Qd1 Qd7 36. Qb3 Qf7 37. Qc2 Qc7 38. Qb2 Qd7 39. Ke2 Qc7 40. Kd2 Qf7 41.
Ke1 Qg6 42. g4 Qf7 43. Qc2 e5 44. fxe5 fxe5 45. Bb6 Qf3 46. Qh2 g6 47. Kd2 Kf7
48. h4 Nf6 49. Qg1 h5 50. gxh5 Nxh5 51. Bd8 Nf4 52. Qh2 Bc8 53. Bg5 Be6 54.
Bxf4 exf4 55. Nc2 Bg4 56. Qg1 Qe2+ 57. Kc3 Qd1 58. Qa7+ Kg8 59. Qb8+ Kg7 60.
Qc7+ Kh8 61. Qxd6 Kg7 62. Qe7+ Kg8 63. Qd6 Be2 64. Qxg6+ Kh8 65. e5 Qc1 66.
Qh6+ Kg8 67. Qe6+ Kh8 68. Qc8+ Kg7 69. Qb7+ Kh6 70. Qc6+ Kg7 71. Qg2+ 1-0

[Event "Druga liga Srbije - Vojvodina 2008"]
[Site "Sombor"]
[Date "2008.10.02"]
[Round "2"]
[White "Mijovic, Stefan"]
[Black "Petkovic, Radosav"]
[Result "1-0"]
[WhiteElo "2287"]
[BlackElo "2313"]
[PlyCount "39"]
[EventDate "2008.??.??"]
[Source "Perpetual Check"]

1. e4 e5 2. Nf3 Nc6 3. Nc3 Nf6 4. Bb5 Nd4 5. Bc4 Bc5 6. Nxe5 O-O 7. O-O d6 8.
Nf3 Bg4 9. Be2 Nxe2+ 10. Qxe2 Re8 11. d3 d5 12. Bg5 dxe4 13. Nxe4 Be7 14. Rfe1
Nd7 15. Bxe7 Qxe7 16. h3 Bh5 17. Qe3 Bxf3 18. Qxf3 Qe5 19. Qg3 Qxb2 20. Qxc7
1-0

[Event "Druga liga Srbije - Vojvodina 2008"]
[Site "Sombor"]
[Date "2008.10.02"]
[Round "2"]
[White "Munizaba, Slobodan"]
[Black "Levnajic, Pavle"]
[Result "1-0"]
[WhiteElo "2307"]
[BlackElo "2240"]
[PlyCount "105"]
[EventDate "2008.??.??"]
[Source "Perpetual Check"]

1. Nf3 g6 2. c4 Bg7 3. d4 Nf6 4. g3 O-O 5. Bg2 d6 6. O-O Nc6 7. d5 Na5 8. Nfd2
c5 9. Nc3 a6 10. Qc2 e5 11. a3 b6 12. b4 Nb7 13. Bb2 Bf5 14. e4 Bd7 15. h3 Rc8
16. b5 axb5 17. Nxb5 Bxb5 18. cxb5 c4 19. Bc3 Bh6 20. Rfe1 Bxd2 21. Bxd2 Nc5
22. Qxc4 Ncxe4 23. Qd3 Nxd2 24. Qxd2 Rc5 25. a4 Qc7 26. h4 Kg7 27. Reb1 Ra8 28.
a5 Rxa5 29. Rxa5 bxa5 30. b6 Qb7 31. f4 Nd7 32. h5 f5 33. h6+ Kf6 34. Kh2 Ke7
35. Qb2 Rc4 36. fxe5 Nxe5 37. Qxe5+ dxe5 38. d6+ Kxd6 39. Bxb7 Rb4 40. Rxb4
axb4 41. Bd5 e4 42. b7 Kc7 43. Kg2 Kb8 44. Kf2 Kc7 45. Ke3 Kb8 46. g4 Kc7 47.
gxf5 gxf5 48. Bg8 b3 49. Bxb3 Kxb7 50. Bg8 Kc7 51. Bxh7 Kd6 52. Bxf5 Ke5 53. h7
1-0

[Event "Druga liga Srbije - Vojvodina 2008"]
[Site "Sombor"]
[Date "2008.10.02"]
[Round "2"]
[White "Sevo, Dusan"]
[Black "Zivkovic, Negosim"]
[Result "1/2-1/2"]
[WhiteElo "2285"]
[BlackElo "2237"]
[PlyCount "43"]
[EventDate "2008.??.??"]
[Source "Perpetual Check"]

1. e4 c5 2. Nf3 d6 3. d4 cxd4 4. Nxd4 Nf6 5. Nc3 g6 6. f3 Bg7 7. Be3 Nc6 8. Qd2
Bd7 9. O-O-O Qa5 10. Kb1 Rc8 11. Nb3 Qc7 12. g4 Be6 13. Nd4 Nxd4 14. Bxd4 Qa5
15. Nd5 Qxd2 16. Rxd2 Bxd5 17. exd5 a6 18. b3 O-O 19. g5 Nd7 20. Bh3 Bxd4 21.
Rxd4 Rc7 22. Bxd7 1/2-1/2

[Event "Druga liga Srbije - Vojvodina 2008"]
[Site "Sombor"]
[Date "2008.10.02"]
[Round "2"]
[White "Popov, Zoran"]
[Black "Jakovljev, Zoran"]
[Result "0-1"]
[WhiteElo "2075"]
[BlackElo "2233"]
[PlyCount "98"]
[EventDate "2008.??.??"]
[Source "Perpetual Check"]

1. d4 g6 2. e4 Bg7 3. c3 d6 4. f4 c6 5. Nf3 d5 6. exd5 Qxd5 7. Nbd2 Nh6 8. Bc4
Qd8 9. O-O O-O 10. Ne5 Nd7 11. Ndf3 Nb6 12. Bb3 a5 13. a4 Nd5 14. c4 Nb4 15.
Be3 Bf5 16. Ne1 Be4 17. Bf2 e6 18. Qe2 f5 19. h3 Bxe5 20. dxe5 Nf7 21. Bc5 Re8
22. Rd1 Qc7 23. Nc2 Na6 24. Be3 c5 25. Na3 Nb4 26. Nb5 Qb6 27. Nd6 Nxd6 28.
Rxd6 Nc6 29. Ba2 Rad8 30. Rfd1 Rxd6 31. Rxd6 Qc7 32. Qd2 b6 33. Rd7 Qc8 34. Qd6
Nb8 35. Rc7 Qd8 36. Qxd8 Rxd8 37. Re7 Nc6 38. Rxe6 Rd1+ 39. Kf2 Ra1 40. Bb3 Rb1
41. Kg3 Rxb2 42. Bd1 Rxg2+ 43. Kh4 h6 44. Rd6 Kf7 45. Rd2 Rxd2 46. Bxd2 Nd4 47.
Bc3 Bc2 48. Bxc2 Nxc2 49. e6+ Kxe6 0-1

[Event "Druga liga Srbije - Vojvodina 2008"]
[Site "Sombor"]
[Date "2008.10.02"]
[Round "2"]
[White "Szuhanek, Ranko"]
[Black "Bodiroga, Predrag"]
[Result "1/2-1/2"]
[WhiteElo "2457"]
[BlackElo "2435"]
[PlyCount "195"]
[EventDate "2008.??.??"]
[Source "Perpetual Check"]

1. Nf3 Nf6 2. c4 e6 3. Nc3 d5 4. d4 c6 5. cxd5 exd5 6. Bg5 h6 7. Bh4 Bf5 8. e3
Nbd7 9. Bd3 Bxd3 10. Qxd3 Be7 11. O-O O-O 12. Bxf6 Nxf6 13. Ne5 Nd7 14. f4 Nxe5
15. fxe5 f6 16. e6 Qd6 17. Qf5 Qb4 18. Rf2 Rae8 19. Rd1 Bd8 20. Ne2 Bc7 21. Nf4
Bxf4 22. exf4 Re7 23. b3 a5 24. Re2 a4 25. Re3 Qa3 26. Qc2 f5 27. Re5 axb3 28.
axb3 Qb4 29. Qd3 Rf6 30. Rde1 g6 31. h3 Kg7 32. Kh2 Rf8 33. R1e3 Rfe8 34. g4
Rf8 35. gxf5 Rxf5 36. Rg3 Rf6 {dalje je necitko} 37. f5 Qd6 38. Qe3 b6 39. Qg1
Kh7 40. Rxg6 Rxf5 41. Qg3 Rxe5 42. dxe5 Qb4 43. Rf6 Rg7 44. Rf7 Qd2+ 45. Kh1
Qd1+ 46. Kh2 Qe2+ 47. Kh1 Rxf7 48. exf7 Qf1+ 49. Kh2 Qxf7 50. Qe3 Qe6 51. b4
Kg6 52. Kg2 Kf5 53. Qxb6 Kxe5 54. Qe3+ Kf5 55. Qf3+ Kg6 56. Qg3+ Kh7 57. Qc7+
Kh8 58. Qf4 Qg6+ 59. Kh2 Qe6 60. Kg2 Kg8 61. Qb8+ Kg7 62. Qc7+ Kg6 63. Qg3+ Kf5
64. Qf3+ Ke5 65. Qe3+ Kd6 66. Qc5+ Kd7 67. Qa7+ Ke8 68. Qb8+ Ke7 69. Qc7+ Qd7
70. Qe5+ Kf7 71. Qf4+ Kg6 72. Qg3+ Kh7 73. Qf4 Qg7+ 74. Kh2 Qb2+ 75. Kg3 Qc3+
76. Kf2 Qc2+ 77. Kg3 Qg6+ 78. Kh2 Qc2+ 79. Kg3 Qc3+ 80. Kg2 Kg6 81. Qg4+ Kf7
82. Qh5+ Kg7 83. Qg4+ Kh8 84. Qc8+ Kh7 85. Qf5+ Kg8 86. Qe6+ Kg7 87. Qg4+ Kf6
88. Qf4+ Ke7 89. Qxh6 Qc2+ 90. Kg3 Kd7 91. Qg7+ Kc8 92. Qf8+ Kb7 93. h4 Qc3+
94. Kf2 Qd4+ 95. Kg2 Qg4+ 96. Kf1 Qxh4 97. Ke2 Qd4 98. Qd6 1/2-1/2

[Event "Druga liga Srbije - Vojvodina 2008"]
[Site "Sombor"]
[Date "2008.10.02"]
[Round "2"]
[White "Somborski, Nebojsa"]
[Black "Lekic, Dusan"]
[Result "1/2-1/2"]
[WhiteElo "2379"]
[BlackElo "2394"]
[PlyCount "27"]
[EventDate "2008.??.??"]
[Source "Perpetual Check"]

1. e4 c5 2. Nf3 d6 3. Bb5+ Bd7 4. Bxd7+ Nxd7 5. c4 Ngf6 6. Nc3 g6 7. O-O Bg7 8.
d4 cxd4 9. Nxd4 O-O 10. h3 Rc8 11. b3 d5 12. exd5 Nxd5 13. Nxd5 e6 14. Bh6
1/2-1/2

[Event "Druga liga Srbije - Vojvodina 2008"]
[Site "Sombor"]
[Date "2008.10.02"]
[Round "2"]
[White "Perisic, Radivoj"]
[Black "Mijatovic, Dejan"]
[Result "1/2-1/2"]
[WhiteElo "2318"]
[BlackElo "2278"]
[PlyCount "54"]
[EventDate "2008.??.??"]
[Source "Perpetual Check"]

1. e4 c5 2. Nf3 d6 3. d4 cxd4 4. Nxd4 Nf6 5. Nc3 a6 6. Bg5 e6 7. f4 Be7 8. Qf3
Qb6 9. O-O-O Nc6 10. Nxc6 Qxc6 11. Be2 Qc7 12. Qg3 h6 13. Bh4 g5 14. fxg5 Rg8
15. e5 dxe5 16. gxf6 Rxg3 17. fxe7 Rg5 18. Rd8+ Kxe7 19. Rh8 Qc5 20. Rf1 f5 21.
Rxh6 Qe3+ 22. Kb1 Kf7 23. Bf2 Qf4 24. Bg3 Qe3 25. Bf2 Qf4 26. Bg3 Qe3 27. Bf2
Qf4 1/2-1/2

[Event "Druga liga Srbije - Vojvodina 2008"]
[Site "Sombor"]
[Date "2008.10.02"]
[Round "2"]
[White "Parezanin, Darko"]
[Black "Vukic, Radivoj"]
[Result "1-0"]
[WhiteElo "2279"]
[BlackElo "2333"]
[PlyCount "63"]
[EventDate "2008.??.??"]
[Source "Perpetual Check"]

1. e4 c6 2. Nc3 d5 3. Nf3 Bg4 4. h3 Bxf3 5. Qxf3 e6 6. d3 g6 7. g4 Bg7 8. h4 h5
9. g5 Qb6 10. Bh3 Ne7 11. O-O Nd7 12. Qg3 Be5 13. Qg2 O-O-O 14. Kh1 dxe4 15.
dxe4 Kb8 16. a4 a5 17. Nd1 Nc5 18. Ne3 Qb4 19. f3 Nxa4 20. Qe2 Nc5 21. Nc4 Bc7
22. Bd2 Qb5 23. Bxa5 b6 24. Bc3 Rhe8 25. Ra3 Kb7 26. Bf6 Ra8 27. Rxa8 Kxa8 28.
Ra1+ Kb7 29. Bf1 Nd7 30. Qd2 Qc5 31. Qxd7 Qf2 32. Nd6+ 1-0

[Event "Druga liga Srbije - Vojvodina 2008"]
[Site "Sombor"]
[Date "2008.10.02"]
[Round "2"]
[White "Strbac, Mladen"]
[Black "Bokan, Danko"]
[Result "1/2-1/2"]
[WhiteElo "2300"]
[BlackElo "2323"]
[PlyCount "122"]
[EventDate "2008.??.??"]
[Source "Perpetual Check"]

1. e4 e5 2. d4 exd4 3. Qxd4 Nc6 4. Qe3 Nf6 5. Nc3 Bb4 6. Bd2 O-O 7. O-O-O Re8
8. Qg3 Rxe4 9. a3 Bd6 10. f4 Re8 11. Bd3 Bc5 12. Nf3 Be3 13. Qh4 Bxd2+ 14. Rxd2
Ne7 15. g4 Ng6 16. Qg3 d6 17. h3 Bd7 18. Re1 Rxe1+ 19. Nxe1 Qf8 20. Ng2 Bc6 21.
g5 Nh5 22. Qg4 Bxg2 23. Qxh5 Bc6 24. Qg4 Re8 25. h4 Re1+ 26. Nd1 Qe8 27. h5 Nf8
28. Qg3 Qe6 29. b3 Rh1 30. h6 Qe1 31. Qg4 g6 32. Be2 Qh4 33. Kb2 Qxg4 34. Bxg4
Re1 35. Nf2 f5 36. Be2 Ne6 37. Bc4 Kf8 38. Nd3 Re4 39. Nf2 Re3 40. Bxe6 Rxe6
41. Nd3 Re3 42. Rf2 Be4 43. Nc1 Ke7 44. Ne2 c5 45. Kc1 d5 46. Kd2 d4 47. Nc1
Kd6 48. Nd3 Bxd3 49. cxd3 b5 50. Rf1 Kd5 51. a4 a6 52. axb5 axb5 53. Ra1 Re7
54. Ra8 Rc7 55. Rg8 Kc6 56. Rg7 Kb6 57. Kc2 Ra7 58. Kb2 Rc7 59. Kc2 Kc6 60. Kd2
Kd6 61. Rg8 Re7 1/2-1/2

[Event "Druga liga Srbije - Vojvodina 2008"]
[Site "Sombor"]
[Date "2008.10.02"]
[Round "2"]
[White "Markovic, Milovan"]
[Black "Velickovic, Sasa"]
[Result "1/2-1/2"]
[WhiteElo "2254"]
[BlackElo "2410"]
[PlyCount "43"]
[EventDate "2008.??.??"]
[Source "Perpetual Check"]

1. d4 Nf6 2. Bf4 c5 3. d5 Qb6 4. Bc1 g6 5. Nc3 Bg7 6. e4 d6 7. Be2 O-O 8. Nf3
Bg4 9. Nd2 Bxe2 10. Qxe2 Nbd7 11. O-O a6 12. a4 Rfe8 13. Ra3 e6 14. Nc4 Qc7 15.
dxe6 Rxe6 16. Qd3 Nb6 17. f3 Rd8 18. Rd1 h5 19. Rb3 Nbd7 20. Nd5 Nxd5 21. Qxd5
Rb8 22. Bf4 1/2-1/2

[Event "Druga liga Srbije - Vojvodina 2008"]
[Site "Sombor"]
[Date "2008.10.02"]
[Round "2"]
[White "Nikac, Predrag"]
[Black "Andrijevic, Milan"]
[Result "1/2-1/2"]
[WhiteElo "2390"]
[BlackElo "2367"]
[PlyCount "125"]
[EventDate "2008.??.??"]
[Source "Perpetual Check"]

1. e4 c5 2. Nf3 Nc6 3. d4 cxd4 4. Nxd4 e6 5. Nc3 Qc7 6. Be2 a6 7. O-O Nf6 8.
Kh1 Be7 9. f4 d6 10. Be3 O-O 11. Qe1 Nxd4 12. Bxd4 e5 13. fxe5 dxe5 14. Qg3 Bd6
15. Be3 Ne8 16. Rad1 Be6 17. Bg4 Bxg4 18. Qxg4 Qc8 19. Qh4 Qe6 20. Nd5 Rc8 21.
c3 f6 22. Rf3 Rf7 23. Rh3 g6 24. Rf3 Bf8 25. Bh6 Bxh6 26. Qxh6 Nd6 27. Qe3 Nc4
28. Qf2 Rcf8 29. b3 Na5 30. h3 Kg7 31. Nb6 Nc6 32. Rfd3 f5 33. exf5 Rxf5 34.
Qe3 Rf1+ 35. Kh2 Rxd1 36. Rxd1 Rf7 37. Nc4 Rd7 38. Re1 Qf5 39. Qg3 Rd3 40. Re3
Rxe3 41. Nxe3 Qe4 42. Nc4 Qf4 43. Nd6 Nd8 44. Qxf4 exf4 45. g3 fxg3+ 46. Kxg3
Kf6 47. Kf4 Ne6+ 48. Kg4 h5+ 49. Kg3 b5 50. Kf3 Ng5+ 51. Kg2 Ke5 52. Nb7 Ne4
53. c4 bxc4 54. bxc4 Kd4 55. h4 Kxc4 56. Kf3 Nd2+ 57. Kf4 Kb4 58. Kg5 Nf3+ 59.
Kxg6 Nxh4+ 60. Kxh5 Ng2 61. Kg5 Ne1 62. Kf5 a5 63. Nxa5 1/2-1/2

[Event "Druga liga Srbije - Vojvodina 2008"]
[Site "Sombor"]
[Date "2008.10.02"]
[Round "2"]
[White "Kostic, Vladimir V"]
[Black "Kontic, Djordjije"]
[Result "1/2-1/2"]
[WhiteElo "2289"]
[BlackElo "2380"]
[PlyCount "87"]
[EventDate "2008.??.??"]
[Source "Perpetual Check"]

1. c4 e5 2. g3 Nc6 3. Bg2 f5 4. Nc3 Nf6 5. e3 Bb4 6. Nge2 e4 7. d3 d5 8. cxd5
Qxd5 9. O-O Qxd3 10. Qxd3 exd3 11. Nf4 Bxc3 12. bxc3 Ne5 13. Rd1 O-O 14. Ba3
Re8 15. Nd5 Nxd5 16. Bxd5+ Be6 17. Bxb7 Rad8 18. Bc5 Bd5 19. Bxd5+ Rxd5 20.
Bxa7 d2 21. Rab1 Ra8 22. Bd4 Nf3+ 23. Kg2 Ne1+ 24. Kf1 Rxa2 25. c4 Rd7 26. Ke2
Nc2 27. Rxd2 Nxd4+ 28. exd4 Rxd2+ 29. Kxd2 Rxd4+ 30. Kc3 Re4 31. Kd3 Kf7 32.
Rb7 Re7 33. Ra7 Ke6 34. Ra6+ Kd7 35. Ra5 g6 36. Ra8 Kd6 37. f3 c6 38. Kd4 c5+
39. Kd3 Rb7 40. Ra6+ Kd7 41. f4 Ke7 42. Rc6 Kd7 43. Ra6 Ke7 44. Rc6 1/2-1/2

[Event "Druga liga Srbije - Vojvodina 2008"]
[Site "Sombor"]
[Date "2008.10.02"]
[Round "2"]
[White "Pezelj, Novak"]
[Black "Kostic, Branimir"]
[Result "1-0"]
[WhiteElo "2325"]
[BlackElo "2289"]
[PlyCount "77"]
[EventDate "2008.??.??"]
[Source "Perpetual Check"]

1. Nf3 Nf6 2. g3 b6 3. Bg2 Bb7 4. O-O g6 5. c4 Bg7 6. Nc3 O-O 7. d4 Ne4 8. Nxe4
Bxe4 9. Bg5 d6 10. Qd2 f6 11. Bh6 Bc6 12. d5 Bd7 13. Nd4 Qc8 14. b4 Bxh6 15.
Qxh6 c5 16. Ne6 Bxe6 17. dxe6 Nc6 18. b5 Nd4 19. e3 Nxe6 20. Bxa8 Qxa8 21. f3
Ng5 22. Kg2 Qc8 23. Qh4 e5 24. Rad1 Rd8 25. f4 Qa8+ 26. Rd5 Ne4 27. fxe5 Nc3
28. Qxf6 Nxd5 29. Qe6+ Kh8 30. cxd5 dxe5 31. Qxe5+ Kg8 32. Qe6+ Kh8 33. e4 Rf8
34. Rxf8+ Qxf8 35. d6 Qh6 36. Qe8+ Kg7 37. Qe7+ Kg8 38. d7 Qd2+ 39. Kh3 1-0

[Event "Druga liga Srbije - Vojvodina 2008"]
[Site "Sombor"]
[Date "2008.10.02"]
[Round "2"]
[White "Orlov, Konstantin"]
[Black "Robulj, Nenad"]
[Result "1-0"]
[WhiteElo "2247"]
[BlackElo "2267"]
[PlyCount "53"]
[EventDate "2008.??.??"]
[Source "Perpetual Check"]

1. d4 e6 2. Nf3 b6 3. e4 d5 4. exd5 exd5 5. Bb5+ c6 6. Bd3 Bd6 7. O-O Ne7 8.
Re1 h6 9. Ne5 O-O 10. Qh5 Ba6 11. Bxa6 Nxa6 12. Re3 Bxe5 13. Qxe5 Re8 14. Bd2
Qd7 15. Qh5 Nf5 16. Qh3 Rxe3 17. fxe3 Re8 18. Nc3 Qe6 19. Re1 Qg6 20. Rf1 Nd6
21. Qd7 Nb8 22. Qxa7 Qxc2 23. Bc1 b5 24. e4 b4 25. Bf4 Nc8 26. Qxb8 bxc3 27.
bxc3 {dalje necitka oba formulara} 1-0